Tactique opératoire des voies biliaires / (Record no. 145458)

MARC details
000 -LEADER
campo de control de longitud fija 00638nam a2200205 4500
001 - NÚMERO DE CONTROL
campo de control 145458
003 - IDENTIFICADOR DE NÚMERO DE CONTROL
campo de control ES-MaACL
005 - FECHA Y HORA DE LA ÚLTIMA TRANSACCIÓN
campo de control 20230906201233.0
007 - CAMPO FIJO DE DESCRIPCIÓN FÍSICA--INFORMACIÓN GENERAL
campo de control de longitud fija t|
008 - DATOS DE LONGITUD FIJA--INFORMACIÓN GENERAL
campo de control de longitud fija 070214s1929 fr r ||||1| fre d
100 1# - ENTRADA PRINCIPAL--NOMBRE DE PERSONA
Nombre de persona Stern, W. M.
9 (RLIN) 108129
245 10 - MENCIÓN DEL TÍTULO
Título Tactique opératoire des voies biliaires /
Mención de responsabilidad, etc. par W.-M. Stern et R. Fourche.
260 ## - PUBLICACIÓN, DISTRIBUCIÓN, ETC.
Lugar de publicación, distribución, etc. Paris :
Nombre del editor, distribuidor, etc. Octave Doin,
Fecha de publicación, distribución, etc. 1929 (
Lugar de fabricación/manufactura Tours :
Fabricante Arrault et Cie.)
300 ## - DESCRIPCIÓN FÍSICA
Extensión VIII, 288 p. :
Otras características físicas il. ;
Dimensiones 24 x 18 cm.
490 1# - MENCIÓN DE SERIE
Mención de serie La tactique opératoire
700 1# - ENTRADA AGREGADA--NOMBRE PERSONAL
Nombre de persona Fourche, R.
9 (RLIN) 51960
830 0# - PUNTO DE ACCESO ADICIONAL DE SERIE-TÍTULO UNIFORME
Título uniforme La tactique opératoire
9 (RLIN) 220767
852 ## - LOCALIZACIÓN
Ubicación ES-MaACL
Número de control de estantería B-11508
Holdings
Estatus retirado Estado de pérdida Estado de daño No para préstamo Biblioteca de origen Biblioteca actual Ubicación en estantería Fecha de adquisición Fuente de adquisición Total de préstamos Signatura topográfica completa Código de barras Visto por última vez Precio de reemplazo Tipo de ítem Koha
        Biblioteca del Ateneo de Madrid Biblioteca del Ateneo de Madrid Sala Pardo Bazán 17/01/2008     B-11508 1151834 23/02/2023 23/02/2023 Libro impreso